000
00214 a2200109 4500
020
_a
7441025501258
041
_a
spa
100
_a
Aquileo Sanchez
245
_a
La Cosina Costarricense
942
_c
BK
952
_7
1
999
_c
25084
_d
25084